000 00610nam a2200205 i 4500
001 47598
003 ES-MaACL
005 20231223063039.0
007 t|
008 030507s1916 sp ||||1| spa d
080 _a821.134.2-32"19"
100 1 _aRépide, Pedro de,
_d1882-1948
_996267
245 1 3 _aLa venganza de Julia
_b: novela inédita /
_cpor Pedro de Répide.
260 _aMadrid :
_b[s.n.,
_c1916]
300 _a34 p. ;
_c19 cm.
490 1 _aLa novela corta ;
_v52
830 0 _aLa novela corta ;
_v52
_9182142
852 _aES-MaACL
_jG-4948(52)
_bR.132489
999 _c47598
_d47598